Cookie Clicker: All Grimoire Spells - Statistics

General Stats
  • This quiz has been taken 15 times
  • The average score is 6 of 9
Answer Stats
Effect Answer % Correct
Summon a random golden cookie. Eachexisting golden cookie makes this spell +15% more likely to backfire. Force the Hand of Fate
100%
Summon half an hour worth of your CPS, capped at 15% of your cookies owned. Conjure Baked Goods
80%
Spells backfire 10 times less for the next 5minutes. Diminish Ineptitude
80%
Cast a random spell at half the magiccost, with twice the chance of backfiring. Gambler's Fever Dream
80%
All active buffs gain 10% more time (upto 5 more minutes). Stretch Time
70%
Buildings are 2% cheaper for 1 minute. Summon Crafty Pixies
60%
Upgrades are 2% cheaper for 1 minute. Haggler's Charm
50%
Instantly summon a wrinkler if conditionsare fulfilled. Resurrect Abomination
50%
The spell picks a random building youcould afford if you had twice your cookies, and gives it to you for free. The selected building must be under 400, and cannot be your most-built one (unless it is your only one). Spontaneous Edifice
40%
No matching quizzes found
Score Distribution
Percent of People with Each Score
Percentile by Number Answered
Your Score History
You have not taken this quiz